Statistics for Saskatchewan Quiz

Click here to take the quiz!

General Stats

  • This quiz has been taken 77 times
  • The average score is 10 of 17

Answer Stats

HintAnswer% Correct
what is the
capital
Regina
98%
^where in Saskatchewan was
he born
Regina
98%
what is the
biggest city
Saskatoon
89%
what is the abbreviation
of saskatchewan
SK
77%
What is the
3rd biggest
city
Prince Albert
73%
4th biggestMoose Jaw
68%
what two provinces border
Saskatchewan
Alberta and Manitoba
64%
actor from Regina;
he starred in naked gun
Leslie Nielson
59%
finish this Saskatchewan
slogan: land of the living __
skies
59%
what year did Saskatchewan
become a province
1905
50%
what kind of
province is
Saskatchewan
Prarie/Wheat/Farm
50%
what is the
provincial flower
Red Lily/Tiger Lily
45%
population in
millions
1 million
32%
which one these people was
born in Saskatchewan:
Tom McDonald, Leslie Nielson,
Drake
Leslie Neilson
30%
5th biggestLloydminister
30%
what year did it adopt
it's official flag
1969
25%
what is provincial
animal
White Tailed Deer
20%

Score Distribution

Percentile by Number Answered

Percent of People with Each Score

Your Score History

You have not taken this quiz